Odgadnij Państwa i Stolice po ich Flagach - Statystyki

Ogólne statystyki
  • Ten quiz został rozwiązany 1 247 razy
  • Średni wynik to 160 z 392
Statystyki odpowiedzi
Flaga Typ Odpowiedź % Poprawnych
Państwo Polska
95%
Państwo Argentyna
88%
Państwo Meksyk
86%
Stolica Warszawa
86%
Państwo Francja
85%
Państwo Hiszpania
84%
Państwo Włochy
82%
Państwo Irlandia
81%
Stolica Paryż
76%
Stolica Madryt
75%
Stolica Rzym
73%
Stolica Meksyk
72%
Państwo Indonezja
69%
Państwo Kenia
69%
Państwo Nigeria
69%
Państwo Kuba
68%
Państwo Niemcy
68%
Państwo Australia
67%
Stolica Dublin
67%
Państwo Rosja
67%
Państwo Szwajcaria
67%
Stolica Buenos Aires
66%
Państwo Izrael
66%
Państwo Japonia
66%
Państwo Czechy
65%
Państwo Ukraina
65%
Państwo Szwecja
64%
Państwo Turcja
64%
Państwo Chiny
63%
Państwo Kolumbia
63%
Państwo Algieria
61%
Państwo Słowacja
61%
Państwo Albania
60%
Państwo Austria
60%
Stolica Berlin
60%
Państwo Jamajka
60%
Państwo Kanada
60%
Stolica Moskwa
60%
Państwo Estonia
59%
Państwo Gruzja
59%
Państwo Litwa
59%
Państwo Malta
59%
Państwo Stany Zjednoczone
59%
Państwo Tunezja
59%
Państwo Chorwacja
58%
Państwo Wielka Brytania
58%
Państwo Brazylia
57%
Państwo Egipt
57%
Państwo Katar
57%
Państwo Monako
57%
Państwo Serbia
57%
Państwo Somalia
57%
Stolica Tokio
57%
Państwo Węgry
57%
Stolica Kijów
56%
Państwo Korea Południowa
56%
Państwo Kosowo
56%
Państwo Południowa Afryka
56%
Stolica Praga
56%
Państwo Chile
55%
Państwo Dominikana
55%
Państwo Grecja
55%
Państwo Łotwa
55%
Państwo Portugalia
55%
Państwo Urugwaj
55%
Państwo Belgia
54%
Państwo Cypr
54%
Państwo Dania
54%
Państwo Indie
54%
Stolica Londyn
54%
Państwo Nepal
54%
Państwo Norwegia
54%
Stolica Waszyngton
54%
Państwo Białoruś
53%
Państwo Bułgaria
53%
Państwo Finlandia
53%
Stolica Pekin
53%
Państwo Słowenia
53%
Stolica Wiedeń
53%
Państwo Wybrzeże Kości Słoniowej
53%
Państwo Arabia Saudyjska
52%
Stolica Ateny
52%
Państwo Holandia
52%
Państwo Iran
52%
Państwo Kostaryka
52%
Państwo Laos
52%
Państwo Bahrajn
51%
Stolica Berno
51%
Stolica Budapeszt
51%
Państwo Maroko
51%
Państwo Mongolia
51%
Państwo Nowa Zelandia
51%
Państwo Paragwaj
51%
Państwo Rumunia
51%
Stolica Sztokholm
51%
Państwo Angola
50%
Państwo Armenia
50%
Stolica Bratysława
50%
Państwo Irak
50%
Stolica Lizbona
50%
Państwo Macedonia Północna
50%
Państwo Pakistan
50%
Państwo Peru
50%
Państwo Watykan
50%
Państwo Wietnam
50%
Stolica Wilno
50%
Stolica Zagrzeb
50%
Państwo Zambia
50%
Państwo Bośnia i Hercegowina
49%
Państwo Islandia
49%
Państwo Kazachstan
49%
Stolica Kopenhaga
49%
Państwo Korea Północna
49%
Stolica Monako
49%
Stolica Oslo
49%
Stolica Ottawa
49%
Stolica Ankara
48%
Stolica Canberra
48%
Państwo Kamerun
48%
Państwo San Marino
48%
Stolica Seul
48%
Stolica Sofia
48%
Państwo Barbados
47%
Stolica Bruksela
47%
Państwo Czarnogóra
47%
Stolica Jerozolima
47%
Państwo Luksemburg
47%
Państwo Mołdawia
47%
Państwo Singapur
47%
Państwo Tajlandia
47%
Stolica Watykan
47%
Stolica Amsterdam
46%
Państwo Brunei
46%
Stolica Hawana
46%
Państwo Liechtenstein
46%
Stolica Mińsk
46%
Stolica Nairobi
46%
Państwo Panama
46%
Stolica Ryga
46%
Państwo Wenezuela
46%
Państwo Andora
45%
Państwo Ekwador
45%
Państwo Filipiny
45%
Stolica Helsinki
45%
Stolica Kair
45%
Państwo Malezja
45%
Państwo Senegal
45%
Państwo Sri Lanka
45%
Państwo Syria
45%
Państwo Tajwan
45%
Stolica Tallinn
45%
Stolica Valletta
45%
Stolica Algier
44%
Państwo Bangladesz
44%
Stolica Bogota
44%
Stolica Brasília
44%
Stolica Bukareszt
44%
Państwo Czad
44%
Państwo Dominika
44%
Stolica San Marino
44%
Stolica Belgrad
43%
Państwo Bhutan
43%
Stolica Dżakarta
43%
Państwo Dżibuti
43%
Państwo Jemen
43%
Państwo Kambodża
43%
Państwo Kuwejt
43%
Państwo Liban
43%
Stolica Luksemburg
43%
Państwo Mjanma
43%
Państwo Palau
43%
Stolica Reykjavík
43%
Państwo Seszele
43%
Stolica Tirana
43%
Stolica Tunis
43%
Państwo Uganda
43%
Państwo Zjednoczone Emiraty Arabskie
43%
Stolica Andora
42%
Państwo Botswana
42%
Państwo Fidżi
42%
Państwo Haiti
42%
Państwo Liberia
42%
Stolica Lublana
42%
Państwo Niger
42%
Państwo Salwador
42%
Państwo Trynidad i Tobago
42%
Państwo Wyspy Marshalla
42%
Państwo Azerbejdżan
41%
Państwo Etiopia
41%
Państwo Kiribati
41%
Państwo Mali
41%
Stolica Nowe Delhi
41%
Państwo Papua-Nowa Gwinea
41%
Stolica Prisztina
41%
Stolica Singapur
41%
Państwo Tonga
41%
Państwo Uzbekistan
41%
Państwo Belize
40%
Państwo Benin
40%
Państwo Demokratyczna Republika Konga
40%
Państwo Ghana
40%
Państwo Kirgistan
40%
Państwo Kongo
40%
Państwo Madagaskar
40%
Państwo Nikaragua
40%
Stolica Sarajewo
40%
Państwo Gwatemala
39%
Państwo Lesotho
39%
Państwo Libia
39%
Stolica Nikozja
39%
Stolica Podgorica
39%
Państwo Turkmenistan
39%
Stolica Ułan Bator
39%
Stolica Vaduz
39%
Państwo Afganistan
38%
Państwo Jordania
38%
Stolica Kiszyniów
38%
Państwo Namibia
38%
Stolica Rabat
38%
Państwo Republika Zielonego Przylądka
38%
Państwo Rwanda
38%
Państwo Saint Kitts i Nevis
38%
Stolica Skopje
38%
Państwo Zimbabwe
38%
Państwo Bahamy
37%
Stolica Bangkok
37%
Państwo Burkina Faso
37%
Państwo Burundi
37%
Stolica Doha
37%
Państwo Gabon
37%
Stolica Lima
37%
Państwo Mauritius
37%
Państwo Mozambik
37%
Państwo Oman
37%
Stolica Pjongjang
37%
Państwo Saint Lucia
37%
Państwo Tanzania
37%
Stolica Tbilisi
37%
Państwo Wyspy Salomona
37%
Stolica Dżibuti
36%
Państwo Eswatini
36%
Państwo Gwinea
36%
Państwo Malawi
36%
Państwo Malediwy
36%
Państwo Mikronezja
36%
Stolica Montevideo
36%
Państwo Nauru
36%
Państwo Republika Środkowoafrykańska
36%
Stolica Santiago
36%
Państwo Surinam
36%
Państwo Tadżykistan
36%
Stolica Teheran
36%
Państwo Togo
36%
Państwo Wyspy Świętego Tomasza i Książęca
36%
Państwo Antigua i Barbuda
35%
Stolica Erywań
35%
Państwo Gwinea Bissau
35%
Stolica Hanoi
35%
Stolica Kingston
35%
Stolica Kuwejt
35%
Stolica Panama
35%
Stolica Pretoria
35%
Stolica Rijad
35%
Państwo Sudan
35%
Państwo Timor Wschodni
35%
Państwo Tuvalu
35%
Stolica Astana
34%
Państwo Boliwia
34%
Stolica Damaszek
34%
Państwo Erytrea
34%
Państwo Komory
34%
Państwo Mauretania
34%
Państwo Saint Vincent i Grenadyny
34%
Państwo Sierra Leone
34%
Państwo Sudan Południowy
34%
Stolica Wellington
34%
Stolica Abudża
33%
Stolica Abu Zabi
33%
Stolica Bagdad
33%
Stolica Baku
33%
Państwo Grenada
33%
Państwo Gujana
33%
Państwo Gwinea Równikowa
33%
Państwo Honduras
33%
Stolica Kuala Lumpur
33%
Państwo Samoa
33%
Stolica Tajpej
33%
Państwo Vanuatu
33%
Państwo Gambia
32%
Stolica Manila
32%
Stolica San Salvador
32%
Stolica Santo Domingo
32%
Stolica Asunción
31%
Stolica Dakar
31%
Stolica Quito
31%
Stolica Caracas
30%
Stolica Gwatemala
30%
Stolica Islamabad
30%
Stolica Katmandu
30%
Stolica Antananarywa
29%
Stolica Bejrut
29%
Stolica Male
29%
Stolica San José
29%
Stolica Wientian
29%
Stolica Bandar Seri Begawan
28%
Stolica Manama
28%
Stolica Bissau
27%
Stolica Kabul
27%
Stolica Mogadiszu
27%
Stolica Sana
27%
Stolica Sri Dźajawardanapura Kotte
27%
Stolica Trypolis
27%
Stolica Bridgetown
26%
Stolica Dhaka
26%
Stolica Luanda
26%
Stolica Port-of-Spain
26%
Stolica São Tomé
26%
Stolica Biszkek
25%
Stolica Dili
25%
Stolica La Paz
25%
Stolica Naypyidaw
25%
Stolica Phnom Penh
25%
Stolica Port-au-Prince
25%
Stolica Taszkent
25%
Stolica Addis Abeba
24%
Stolica Managua
24%
Stolica Maskat
24%
Stolica Paramaribo
24%
Stolica Amman
23%
Stolica Jamusukro
23%
Stolica Jaunde
23%
Stolica Lusaka
23%
Stolica Akra
22%
Stolica Aszchabad
22%
Stolica Belmopan
22%
Stolica Kinszasa
22%
Stolica Suva
22%
Stolica Thimphu
22%
Stolica Victoria
22%
Stolica Chartum
21%
Stolica Duszanbe
21%
Stolica Freetown
21%
Stolica Honiara
21%
Stolica Kigali
21%
Stolica Nassau
21%
Stolica Ndżamena
21%
Stolica Port Moresby
21%
Stolica Porto-Novo
21%
Stolica Roseau
21%
Stolica Basseterre
20%
Stolica Gaborone
20%
Stolica Lomé
20%
Stolica Majuro
20%
Stolica Nukuʻalofa
20%
Stolica Tarawa
20%
Stolica Windhuk
20%
Stolica Apia
19%
Stolica Bamako
19%
Stolica Brazzaville
19%
Stolica Dodoma
19%
Stolica Dżuba
19%
Stolica Georgetown
19%
Stolica Harare
19%
Stolica Kampala
19%
Stolica Kingstown
19%
Stolica Monrovia
19%
Stolica Ngerulmud
19%
Stolica Niamey
19%
Stolica Port Louis
19%
Stolica Praia
19%
Stolica Wagadugu
19%
Stolica Asmara
18%
Stolica Castries
18%
Stolica Maputo
18%
Stolica Funafuti
17%
Stolica Konakry
17%
Stolica Libreville
17%
Stolica Mbabane
17%
Stolica Port Vila
17%
Stolica Saint George’s
17%
Stolica Saint John’s
17%
Stolica Tegucigalpa
17%
Stolica Yaren
17%
Stolica Bangi
16%
Stolica Gitega
16%
Stolica Lilongwe
16%
Stolica Maseru
16%
Stolica Nawakszut
16%
Stolica Palikir
16%
Stolica Moroni
15%
Stolica Bandżul
14%
Stolica Malabo
14%
Nie znaleziono quizów pasujących do podanych kryteriów
Rozkład punktacji
Procent ludzi z każdym wynikiem
Percentyl według liczby udzielonych odpowiedzi
Twoja historia wyników
Nie rozwiązałeś tego quizu